000
00283nam a22001337a 4500
008
190225b xxu||||| |||| 00| 0 eng d
020
_a
9780201810028
041
_a
eng
080
_a
531
100
_a
43
101
_a
FIZ
245
_a
Science Insights
_c
Addison
942
_2
udc
_c
BK
999
_c
54247
_d
54247